| 000 | 01027nam0a2200313 4500 | ||
|---|---|---|---|
| 001 | RU\NLR\ONL2\6517 | ||
| 005 | 20250613130038.0 | ||
| 010 |
_a5-295-03773-8 _91000 |
||
| 035 | _a(NLR Aleph) 009654114 | ||
| 090 |
_a9582689 _c9582689 |
||
| 100 | _a20070117d2006 |||y0rusy50 ca | ||
| 101 | 0 | _abak | |
| 102 | _aRU | ||
| 105 | _ay ||||||||| | ||
| 200 | 1 |
_aЭсэй минэ гумер асkан _eшигырзар _fАлмас Шаммасов |
|
| 210 |
_aӨфө _cКитап _d2006 |
||
| 215 |
_a102,[1] б. _d14 |
||
| 225 | 1 | _aЙэштэр тауышы | |
| 541 | 1 |
_6z01790 _aПодарила мама жизнь _eстихи. _zrus |
|
| 686 | 1 | _aШ6(2=Баш)7-5 | |
| 700 | 1 |
_aШаммасов _bА. Р. _f1987- _gАлмас Рауил улы _4070 |
|
| 790 | 1 |
_6z01541 _aШаммасов _bА. Р. _gАлмас Равилевич _4070 |
|
| 801 | 0 |
_aRU _bNLR _c20070117 _gPSBO |
|
| 852 |
_aNLR _bОНЛ _jБашк./1-871 |
||
| 942 | _cBOOK | ||
| 980 | _aNB | ||
| 980 | _aONL_RF | ||